[Event "EICC 2019"]
[Site "Skopia"]
[Date "2019.03.19"]
[Round "2.8"]
[White "Thybo, Jesper Sondergaard"]
[Black "Berkes, Ferenc"]
[Result "0-1"]
[WhiteElo "2525"]
[BlackElo "2666"]
[Annotator "TA"]
[PlyCount "84"]
[EventDate "2019.03.18"]
[EventType "swiss"]
[EventCountry "MKD"]
[SourceTitle "playchess.com"]
[Source "ChessBase"]
[SourceQuality "1"]

{[%evp 18,84,39,35,86,92,103,84,69,73,84,75,80,43,36,31,30,26,28,28,34,0,0,0,0,0,0,-18,-18,-35,-23,-43,-37,-48,-23,-20,-25,-26,0,0,0,-108,-11,-109,-101,-146,-143,-153,-149,-146,-116,-116,-107,-234,-237,-222,-226,-239,-231,-520,-513,-500,-495,-537,-530,-519,-516,-489,-464]} 1. d4 Nf6 2. c4 c5 3. d5 g6 4. Nc3 Bg7 5. e4 d6 6. h3 O-O 7. Nf3 e6 8. Bd3 exd5 9. exd5 Re8+ 10. Be3 Rxe3+ {E90: King's Indian: Classical: Early deviations and 6 h3} ({Black should try} 10... a6 $14) 11. fxe3 $16 Qe7 12. O-O Nbd7 {White is better.} 13. Qd2 Nh5 (13... b6 14. Rae1 Ba6 15. b3 Ne5 16. Nxe5 Qxe5 17. Nd1 Re8 18. Rf3 {½-½ (49) Postny,E (2615)-Morozevich,A (2656) St Petersburg 2018}) 14. Ne2 Bh6 $146 ({Predecessor:} 14... Ne5 15. Nxe5 Qxe5 16. Rf3 Bd7 17. Raf1 f5 18. Qc3 {½-½ (46) Guseynov,A (2213)-Benidze,D (2478) Cesme 2015}) 15. Nf4 Ng3 16. Rfe1 Nf6 17. Kh2 Nge4 18. Qc2 Bd7 19. Ne6 Bxe6 20. dxe6 Qxe6 21. Bxe4 Nxe4 22. Qb3 b6 23. Qa4 Bg7 {[%mdl 1024] Black has compensation.} 24. Re2 h5 25. Rd1 g5 26. Qc6 Re8 27. Qd5 Qd7 28. Kg1 g4 29. hxg4 (29. Ng5 $1 $11 {remains equal.} Re5 30. Qa8+ Re8 31. Qd5) 29... Qxg4 ({Better is} 29... hxg4 $17 30. Nd2 Ng3) 30. Qc6 (30. Rde1 $1 $11 {keeps the balance.}) 30... Re6 $1 $17 31. Qc8+ Kh7 32. Qd7 {[#]} h4 $1 {[%cal Rh4h3] Threatens to win with ...h3.} 33. Rd5 ({Wrong is} 33. Qxa7 $2 Rf6 $19) 33... Kg6 34. Rf2 {[#]} ({Avoid the trap} 34. Qxa7 $2 Rf6 $19) 34... Nf6 $1 {[%cal Rf6d7]} 35. Qc8 (35. Qb7 $17 {is a better defense.} Nxd5 36. Nh2 Qd1+ 37. Rf1) 35... Nxd5 $19 36. cxd5 Re4 37. Qd8 Qg3 ({Much less strong is} 37... Rxe3 38. Qxh4 Qxh4 39. Nxh4+ Kg5 40. Nf3+ Kh5 41. b3) 38. Nd2 $2 (38. Kf1 {was called for.}) 38... Rxe3 {...Re1+ is the strong threat.Black is clearly winning.} 39. Nf1 Re1 {( -> ...h3)} 40. Qg8 Kh6 41. Qxf7 {intending Re2!} Bd4 42. Qf8+ Kh7 {Accuracy: White = 38%, Black = 74%.} 0-1

[Event "EICC 2019"]
[Site "Skopia"]
[Date "2019.03.19"]
[Round "2.9"]
[White "Melkumyan, Hrant"]
[Black "Basso, Pier Luigi"]
[Result "1-0"]
[WhiteElo "2661"]
[BlackElo "2521"]
[Annotator "TA"]
[PlyCount "63"]
[EventDate "2019.03.18"]
[EventType "swiss"]
[EventCountry "MKD"]
[SourceTitle "playchess.com"]
[Source "ChessBase"]
[SourceQuality "1"]

{[%evp 9,63,14,27,20,32,31,31,23,19,20,24,5,27,0,0,20,8,11,0,0,7,0,15,0,0,0,53,0,0,0,0,-10,0,0,93,39,56,33,218,218,190,220,387,431,391,393,770,745,674,473,468,476,481,466,471,435]} 1. d4 d5 2. c4 c6 3. Nf3 Nf6 4. e3 Bg4 5. h3 Bh5 6. g4 {D11: Slav Defence: 3 Nf3 sidelines and 3...Nf6 4 e3 Bg4} (6. Nc3 e6 7. g4 Bg6 8. Ne5 Nbd7 9. Nxg6 hxg6 10. g5 Ne4 11. Nxe4 dxe4 12. Qb3 Qb6 13. h4 Bb4+ 14. Ke2 c5 15. Bg2 f5 16. gxf6 gxf6 {1-0 (57) Nihal,S (2576)-Vitiugov,N (2719) St Petersburg 2018}) 6... Bg6 7. Ne5 e6 8. Nd2 {White is slightly better.} Nbd7 9. Nxg6 hxg6 10. Bg2 Bd6 11. O-O Ne4 12. Nxe4 $146 ({Predecessor:} 12. cxd5 Nxd2 13. Bxd2 exd5 {½-½ (50) Donchenko,A (2573)-Svane,R (2581) Apolda 2017}) 12... dxe4 13. f3 exf3 $1 14. Qxf3 {[%csl Gf1][%cal Rf3f7]} O-O 15. Bd2 Qe7 16. c5 Bc7 17. b4 Rac8 (17... Nf6 $11) 18. b5 (18. e4 $14) 18... e5 $11 19. bxc6 bxc6 20. Be1 (20. Qxc6 Ba5 $17) 20... Bb8 21. Rb1 $36 {[%mdl 2048] White has the initiative.} f5 (21... Nf6 $11 {keeps the balance.}) 22. gxf5 ({Better is} 22. Rb7 $16) 22... Rxf5 23. Qg4 Rxf1+ $2 (23... exd4 $14 24. exd4 Rg5) 24. Bxf1 $18 exd4 25. exd4 Rd8 $2 (25... Rf8) 26. Bc4+ Kh7 {[#]} 27. Bf2 $1 {aiming for Re1.} Nf8 $2 {[#]} (27... Rf8 28. Rb7 Bh2+ 29. Kg2 Rf4) 28. Rb7 $1 {[%mdl 512] White is clearly winning.} Nd7 (28... Qxb7 29. Qh4#) 29. Qh4+ Qxh4 30. Bxh4 Nxc5 31. dxc5 ({Worse is} 31. Bxd8 Nxb7 32. Bg5 Bc7 $11) 31... Rd4 32. Bf2 {Accuracy: White = 46%, Black = 37%.} 1-0

[Event "EICC 2019"]
[Site "Skopia"]
[Date "2019.03.19"]
[Round "2.10"]
[White "Ruck, Robert"]
[Black "Edouard, Romain"]
[Result "1/2-1/2"]
[WhiteElo "2521"]
[BlackElo "2658"]
[Annotator "TA"]
[PlyCount "65"]
[EventDate "2019.03.18"]
[EventType "swiss"]
[EventCountry "MKD"]
[SourceTitle "playchess.com"]
[Source "ChessBase"]
[SourceQuality "1"]

{[%evp 14,65,14,7,12,0,0,0,0,6,12,0,35,33,25,31,18,24,39,35,48,51,63,62,60,61,54,56,57,61,78,50,42,34,33,27,25,19,20,23,30,26,37,36,29,26,30,18,20,18,31,0,0,0]} 1. e4 c5 2. Nf3 d6 3. Bc4 Nf6 4. d3 Nc6 5. c3 g6 6. O-O Bg7 7. Re1 O-O 8. Bb3 b6 {B50: Sicilian: 2...d6, Miscellaneous} 9. Nbd2 Ba6 10. Nf1 Ne5 (10... e6 {feels hotter.} 11. Bf4 Nh5 12. Bg5 Qd7 13. g4 Nf6) 11. Bc2 Nxf3+ $146 ({Predecessor:} 11... Nfd7 12. Bg5 h6 13. Bh4 Nxf3+ 14. Qxf3 Ne5 15. Qd1 Nc6 16. Ne3 Qd7 {1-0 (41) Adams,M (2665)-Gelfand,B (2700) Linares 1997}) 12. Qxf3 d5 13. e5 Nd7 14. Qg3 ({Reject} 14. Qxd5 e6 $15) 14... e6 15. Bg5 Qc7 16. Bf4 Qc6 17. Nd2 f6 18. Nf3 fxe5 19. Nxe5 Nxe5 20. Bxe5 Bxe5 21. Rxe5 Rf6 22. Rae1 Raf8 23. R1e2 Qb5 24. Bb1 Qa4 {With the idea ...Rxf2!} 25. h3 Qd1+ 26. Re1 Qa4 27. f3 Bc8 28. Qf2 Bd7 29. a3 Qf4 30. Bc2 Rf5 31. Rxf5 exf5 32. d4 Re8 33. dxc5 {Accuracy: White = 96%, Black = 72%.} 1/2-1/2

[Event "EICC 2019"]
[Site "Skopia"]
[Date "2019.03.19"]
[Round "2.11"]
[White "Kovalenko, Igor"]
[Black "Demidov, Mikhail"]
[Result "1/2-1/2"]
[WhiteElo "2658"]
[BlackElo "2520"]
[Annotator "TA"]
[PlyCount "126"]
[EventDate "2019.03.18"]
[EventType "swiss"]
[EventCountry "MKD"]
[SourceTitle "playchess.com"]
[Source "ChessBase"]
[SourceQuality "1"]

{[%evp 18,126,89,77,91,60,68,60,87,72,87,50,56,51,50,36,62,32,44,21,54,65,72,53,67,52,71,68,64,57,73,29,36,52,47,-44,-44,-25,-12,-50,-44,-38,0,-60,43,-50,33,-16,-30,-204,-209,-209,-183,-216,-208,-211,-201,-208,-208,-284,-230,-438,-374,-434,-431,-431,-431,-415,-391,-426,-404,-495,-489,-537,-513,-534,-477,-464,-444,-478,-464,-461,-458,-558,-554,-596,-597,-541,-518,-431,-108,-108,-108,-108,-108,-108,-108,-108,-108,-108,-108,-108,-108,-108,-108,-108,-108,-108,0,-108,0]} 1. c4 g6 2. d4 Bg7 3. e4 d6 4. Nc3 c5 5. d5 Nf6 6. Nf3 O-O 7. Bd3 Bg4 8. h3 Bxf3 9. Qxf3 Na6 10. O-O Nc7 {E90: King's Indian: Classical: Early deviations and 6 h3} (10... Nd7 11. Qd1 e6 12. Re1 Re8 13. Be3 Qb6 14. Rb1 Nc7 15. Qc2 a5 16. Bf1 Bd4 17. Bf4 Qa6 18. b3 Re7 19. Qd2 Qb6 20. Na4 Qa6 21. Nc3 Qb6 22. Na4 {½-½ (22) Pelletier,Y (2591)-Radjabov,T (2746) Biel 2007}) 11. Bd2 a6 $146 ({Predecessor:} 11... Nd7 12. Qe2 a6 13. a4 e5 14. g3 f5 15. exf5 gxf5 16. f4 e4 17. Bc2 Qf6 18. g4 {0-1 (25) Reilly,T (2350)-Rogers,I (2575) Jakarta 1993}) 12. a4 b6 {White is slightly better.} 13. Qg3 Nh5 14. Qg4 e6 15. dxe6 Nxe6 16. Rab1 Nd4 17. b4 Nc6 18. bxc5 bxc5 19. Nd5 Nf6 20. Qh4 {aiming for Bg5.} Nd7 21. Qg3 Nde5 22. Bg5 f6 23. Bd2 a5 24. f4 Nxd3 25. Qxd3 Nb4 26. Bxb4 ({White should try} 26. Qf3 $14) 26... axb4 $15 27. f5 g5 28. Ra1 Rf7 29. Ra2 Ra5 30. Ne3 (30. e5 $11) 30... Qe8 (30... Qd7 $15) 31. Qd5 (31. Qxd6 $14 Qxe4 32. Qd8+ Bf8 33. Qxa5 Qxe3+ 34. Kh1) 31... h5 (31... Bf8 $15) 32. g4 h4 33. Nd1 $2 (33. Rd1 $11 {and White is okay.}) 33... Rxa4 $19 34. Rff2 {[#]} Bf8 $1 35. Kg2 Kg7 36. Rfd2 Rfa7 37. Rxa4 Qxa4 38. Ne3 Qa1 {Threatens to win with ...Qe1.} 39. Re2 $2 (39. e5 dxe5 40. Qc6) 39... Qc1 {Strongly threatening ...Ra1.} 40. Qd2 Qb1 41. Qc2 Qxc2 42. Rxc2 {[%mdl 4096] Endgame KRB-KRN} Ra3 43. Nd5 Kf7 44. Rf2 Be7 45. Rb2 Bd8 46. Rb1 Ba5 47. Kh2 Kg7 48. Rb2 Ra1 49. Kg2 Kf7 50. Kf2 Ra3 51. Ne3 b3 52. Nd1 Ra2 53. Ke3 {[#]} Rxb2 $2 (53... Bc3 $1 $19 {[%mdl 512]} 54. Rxb3 (54. Nxc3 Rxb2) 54... Bd4+ 55. Kd3 Rh2) 54. Nxb2 {KB-KN} Bc3 55. Na4 Be5 {White must now prevent ...b2.} 56. Kd3 Ke7 57. Nc3 Kd7 58. Nb1 Kc6 59. Nd2 b2 60. Kc2 Kb6 61. Nb3 Ka6 62. Kb1 Kb6 63. Kc2 Ka6 {Accuracy: White = 42%, Black = 59%.} (63... Kb7 $17 64. Kb1 Kb6 65. Kc2) 1/2-1/2

[Event "EICC 2019"]
[Site "Skopia"]
[Date "2019.03.19"]
[Round "2.12"]
[White "Van Foreest, Lucas"]
[Black "Parligras, Mircea-Emilian"]
[Result "1-0"]
[WhiteElo "2515"]
[BlackElo "2657"]
[Annotator "TA"]
[PlyCount "61"]
[EventDate "2019.03.18"]
[EventType "swiss"]
[EventCountry "MKD"]
[SourceTitle "playchess.com"]
[Source "ChessBase"]
[SourceQuality "1"]

{[%evp 11,61,15,27,20,27,30,24,23,22,19,25,13,19,10,17,17,17,14,22,11,31,18,21,29,33,35,32,21,43,10,41,38,149,153,220,216,205,116,110,97,118,78,136,135,159,125,125,125,374,360,867,834]} 1. c4 e6 2. Nc3 d5 3. d4 Bb4 4. cxd5 exd5 5. Bf4 c6 6. e3 {D31: Queen's Gambit Declined: Semi-Slav without ...Nf6 (+ Marshall Gambit and Noteboom) and Exchange Variation lines without ...Nf6} Ne7 {LiveBook: 41 Games} (6... Bf5 7. Bd3 Bxd3 8. Qxd3 Ne7 9. Nge2 Nd7 10. O-O O-O 11. a3 Ba5 12. Rfc1 a6 13. Bg5 {½-½ (74) Andreikin,D (2708)-Fedoseev,V (2731) Sochi 2017}) 7. Qc2 Bf5 8. Qb3 {White has an edge.} Qb6 9. a3 $146 ({Predecessor:} 9. Nge2 Ng6 10. Bg3 Nd7 11. Nc1 Be7 12. Bd3 Qxb3 13. axb3 Bxd3 14. Nxd3 {½-½ (89) Baldauf,M (2498)-Yankelevich,L (2435) Boeblingen 2017}) 9... Ba5 10. Qa2 {Threatens to win with b4.} Qd8 11. Rc1 O-O 12. b4 Bb6 $1 13. Nf3 Nd7 {[%cal Bb8d7,Bd7f6,Bf6e4][%mdl 32]} 14. Be2 Nf6 15. h3 Ne4 16. O-O a6 17. Na4 Bc7 18. Bxc7 Qxc7 19. Nc5 Ng6 20. a4 Qc8 21. Rfe1 Bxh3 (21... Re8 $14) 22. gxh3 $16 Qxh3 (22... Nxc5 $16 {was called for.} 23. bxc5 Qxh3) 23. Nxe4 $18 dxe4 24. Nh2 (24. Ng5 $18 Qh4 25. Rc5) 24... Nh4 $16 {[%csl Gh4][%cal Rh3g2]} 25. Bf1 Qf5 26. Kh1 Rad8 (26... Nf3 $142 27. Nxf3 exf3) 27. Rc5 Rd5 28. Bg2 Re8 29. Rg1 Re6 $2 {[#]} (29... g6 $16 {keeps fighting.} 30. Bf1 h5) 30. Bh3 $1 $18 {[%mdl 512]} Qxh3 $2 {[#]} (30... Rxc5 31. Bxf5 Rxf5) 31. Qxd5 $1 {[%mdl 512] Precision: White = 80%, Black = 28%.} 1-0

[Event "EICC 2019"]
[Site "Skopia"]
[Date "2019.03.19"]
[Round "2.13"]
[White "Gelfand, Boris"]
[Black "Valsecchi, Alessio"]
[Result "1-0"]
[WhiteElo "2655"]
[BlackElo "2515"]
[Annotator "TA"]
[PlyCount "59"]
[EventDate "2019.03.18"]
[EventType "swiss"]
[EventCountry "MKD"]
[SourceTitle "playchess.com"]
[Source "ChessBase"]
[SourceQuality "1"]

{[%evp 19,59,18,22,0,87,75,138,77,44,14,181,158,142,149,149,160,164,140,149,164,95,48,85,69,71,81,83,59,130,14,43,8,256,272,277,270,1066,1052,29990,29991,29991,29992]} 1. c4 Nf6 2. Nc3 e6 3. e4 d5 4. e5 d4 5. exf6 dxc3 6. bxc3 Qxf6 7. d4 c5 8. Nf3 h6 9. Bd3 cxd4 10. cxd4 Bb4+ 11. Kf1 {A18: English Opening: Flohr-Mikenas System (1 c4 Nf6 2 Nc3 e6 3 e4)} (11. Bd2 Bxd2+ 12. Qxd2 O-O 13. O-O Nd7 14. Qe3 Rd8 15. Qe4 Nf8 16. Rab1 Qe7 17. c5 Qc7 18. Rb3 Rb8 {½-½ (42) Nepomniachtchi,I (2735)-Aleksandrov,A (2612) Moscow 2012}) 11... Nd7 (11... Bc3 $11 12. Rb1 Nc6) 12. Rb1 $146 ({Predecessor:} 12. Bb2 O-O 13. Qe2 Qe7 14. a3 Bd6 15. h4 Re8 16. g4 e5 17. c5 Bc7 18. Re1 Ba5 {½-½ (42) Stoer,A (2150)-Wehr,S (2135) Bayern 1998}) 12... Be7 (12... Bd6 $142) 13. c5 (13. h4 $142) 13... e5 14. Bb2 {Qc2 is the strong threat.} Qe6 $2 (14... O-O $1 $11 {and Black is okay.}) 15. Nxe5 Nxe5 {[#]} 16. d5 $1 {[%cal Rd5e6][%mdl 512]} Qf6 (16... Qxd5 17. Bb5+) 17. Qe2 Bf5 18. Bb5+ ({Resist} 18. Bxe5 Bxd3 19. Qxd3 (19. Bxf6 Bxe2+ 20. Kxe2 Bxf6 $15) 19... Qxe5 $14) 18... Kf8 19. Bxe5 Qg6 20. Re1 a6 21. Bg3 axb5 22. Qxe7+ {[%mdl 64] Double Attack} Kg8 23. h4 Rxa2 (23... Kh7 $1 $14) 24. h5 (24. Kg1 $16) 24... Qg5 $11 25. d6 {aiming for Rh4.} Qd2 $2 {[#]} (25... Qxe7 $11 26. dxe7 Kh7) 26. Kg1 $1 $18 Kh7 {[#]} 27. Kh2 $1 Rc8 $2 (27... f6 28. Qf7 (28. Qxb7 Rc2 $16) 28... Ra4) 28. Qxf7 Rxc5 29. Re8 {[%csl Ge8][%cal Rf7g8]} Qd5 30. Qf8 {Accuracy: White = 62%, Black = 19%.} 1-0

[Event "EICC 2019"]
[Site "Skopia"]
[Date "2019.03.19"]
[Round "2.14"]
[White "Zoler, Dan"]
[Black "Fressinet, Laurent"]
[Result "0-1"]
[WhiteElo "2513"]
[BlackElo "2652"]
[Annotator "TA"]
[PlyCount "144"]
[EventDate "2019.03.18"]
[EventType "swiss"]
[EventCountry "MKD"]
[SourceTitle "playchess.com"]
[Source "ChessBase"]
[SourceQuality "1"]

{[%evp 18,144,75,77,101,31,68,41,66,60,75,82,81,81,85,77,66,67,71,60,70,35,57,39,51,0,11,0,0,0,0,0,0,0,8,0,0,0,0,0,0,0,0,0,0,0,0,0,0,-95,-67,-84,-81,-282,-295,-265,-117,-141,-68,-477,-64,-71,-35,-393,-418,-378,-383,-329,-203,-441,-182,-307,-307,-272,-253,-237,-227,-986,-975,-933,-701,-1011,-1011,-6163,-6077,-5314,-4133,-6069,-2237,-5302,-591,-29954,-29955,-29956,-944,-3301,-1961,-29954,-4133,-29954,-29958,-29992,-29969,-29964,-181,-181,-181,-181,-181,-181,-181,-29966,-29966,-29971,-29970,-29970,-328,-29965,-29970,-29974,-29969,-29973,-29976,-29976,-29977,-29980,-29981,-29981,-29978]} 1. d4 Nf6 2. c4 g6 3. Nc3 Bg7 4. g3 O-O 5. Bg2 d6 6. Nf3 {[%cal Bg1f3,Bf3d2,Bd2c4][%mdl 32]} c5 7. d5 e6 8. O-O exd5 9. cxd5 Bf5 {A62: Modern Benoni: Fianchetto Variation without early ...Nbd7} (9... Re8 10. Re1 a6 11. a4 b6 12. h3 Nbd7 13. e4 Qc7 14. Bd2 h6 15. Rb1 Rb8 16. Bf1 g5 17. Qc2 Nf8 18. b4 Ng6 19. b5 a5 {0-1 (49) Ni,H (2683)-Maghsoodloo,P (2688) Makati 2018}) 10. Nd2 {LiveBook: 3 Games} Na6 11. h3 $146 (11. Nc4 $16) ({Predecessor:} 11. Nc4 Qd7 12. Bf4 Bh3 13. Qb3 Bxg2 14. Kxg2 Nb4 15. Bxd6 Rfc8 16. Be5 Nbxd5 17. Rad1 {½-½ (24) Haba,P (2432)-Plat,V (2531) Pardubice 2017}) 11... Nc7 {White is slightly better.} 12. e4 Bd7 13. Nc4 Nb5 14. Ne2 Ne8 15. Be3 Nbc7 16. Qd2 Bb5 17. Rac1 Rb8 18. b4 b6 19. f4 Na6 20. bxc5 bxc5 21. Rfd1 f5 22. Na5 Nb4 {[#]} ({Of course not} 22... Bxe2 $6 23. Nc6 $16) 23. Nc6 $1 {[%cal Rc6d8][%mdl 512]} Nxc6 24. dxc6 Bxc6 25. Bxc5 Bxe4 26. Bxe4 fxe4 27. Bxa7 Rb2 28. Rc2 Rxc2 29. Qxc2 Qd7 30. Bd4 Qxh3 31. Qxe4 Bxd4+ 32. Rxd4 Nf6 33. Qg2 (33. Qc6 $11 {remains equal.}) 33... Qe6 {White must now prevent ...Re8.} 34. Qf3 Qxa2 35. Qd3 $2 (35. Kf1 $17 {might work better.}) 35... Re8 $19 36. Kf1 d5 (36... Ng4 $1 $19 {and Black stays clearly on top. aiming for ...Qa1+.} 37. Rb4 Qe6) 37. Rb4 $17 Ne4 (37... Kf8 $17 {And now ...Nh5 would win.} 38. Qb5 Qc2) 38. Rb5 $2 {[%mdl 8192]} (38. Rb6 $15) 38... Qa1+ $2 (38... Qa7 $1 $19 {[%csl Ge4][%cal Ra7f2]} 39. Nd4 Nxg3+ $1 {[%mdl 512]} 40. Kg2 Nh5) 39. Kg2 $15 Qe1 {( -> ...Qf2+)} 40. Qf3 $2 {[%mdl 8192]} (40. Qxd5+ $15 Kg7 41. Qd4+ Kh6 42. Rb2) 40... Qd2 $19 41. Kh3 Nf6 42. Ng1 Qc1 43. Rb6 $2 (43. Kh2) 43... Ne4 ({Weaker is} 43... Qxg1 44. Rxf6 Kg7 45. Rd6 $17) (43... Re3 $142 44. Qg2 Ne4 45. Rb8+ Kg7) 44. Qg2 (44. Kg2 $142) 44... Qc5 45. Rb1 d4 $40 {[%cal Rc5h5][%mdl 128] Black is out for blood.} 46. Qa2+ Kf8 {...Nc3 is the strong threat.} 47. Nf3 $2 (47. Qb2) 47... Nc3 48. Qc2 Qc8+ 49. Kh4 Nxb1 50. Qxb1 {[%mdl 4096] Endgame KQR-KQN} Qd8+ 51. Kh3 Qd7+ 52. Kh4 d3 (52... Qd5 $142 53. Ne5 d3 $1 {[%mdl 512]} 54. Qxd3 Rxe5 55. Qxd5 Rxd5) 53. g4 Rd8 (53... Re3 $142 54. Qb8+ Qe8 55. Qxe8+ Kxe8) 54. Nd2 Qe7+ 55. g5 Qe6 (55... Re8 $142 56. Qxd3 Rd8 57. Qc3 Qe1+ 58. Kg4 Rxd2 59. Qh8+ Ke7 60. Qxh7+ Kd8 61. Qh8+ Kd7 62. Qg7+ Qe7 63. Qxe7+ Kxe7 64. Kf3 Ke6 65. f5+ Kxf5 66. Ke3 Rd5 67. Kf3 Re5 68. Kg3 Re3+ 69. Kg2 Kg4 70. Kf2 Re4 71. Kg2 Rf4 72. Kh1 Kh3 73. Kg1 Kg3 74. Kh1 Rf1#) 56. Qb4+ Kf7 57. Kg3 Qe1+ (57... Qe3+ $142 58. Kg4 Rd4 59. Qb7+ Qe7 60. Qf3 h5+ 61. gxh6 g5 62. Kh5 gxf4 63. h7 Qe5+ 64. Kh4 Kg6 65. Qg4+ Kxh7 66. Nf3 Qf6+ 67. Qg5 Qxg5+ 68. Kxg5 {[#]} d2 $1 {[%mdl 512]} 69. Nxd2 Rxd2 70. Kxf4 Re2 71. Kf5 Kg7 72. Kf4 Kf6 73. Kf3 Re8 74. Kg4 Re4+ 75. Kg3 Kg5 76. Kf3 Re8 77. Kg3 Rf8 78. Kh2 Kh4 79. Kg2 Kg4 80. Kh1 Kh3 81. Kg1 Kg3 82. Kh1 Rf1#) 58. Kg4 Re8 59. Qc3 Qe2+ 60. Nf3 Kg8 $2 (60... Qg2+ 61. Kh4 Qxf3 62. Qc4+ Ke7 63. Qc7+ Ke6 64. Qb6+ Kd7 65. Qb5+ Kc7 66. Qc5+ Qc6 67. Qa7+ Kc8 68. Qf2 Qh1+ 69. Kg4 Qd5 70. Qd2 Qe6+ 71. Kh4 Qe1+ 72. Qxe1 Rxe1 73. f5 d2 74. fxg6 d1=Q 75. gxh7 Re4+ 76. Kg3 Qd3+ 77. Kh2 Re2+ 78. Kh1 Qd1#) 61. Kg3 {[#]} d2 $1 62. Qxd2 Qxd2 63. Nxd2 {KR-KN} Kf7 64. Nf3 $2 (64. Nc4 $19) 64... Ke6 65. Kg4 Rd8 66. Nh4 Rd1 $2 (66... Rd4 {mates} 67. Nf3 Rd1 68. Nh4 Rg1+ 69. Kf3 Kd5 70. f5 gxf5 71. Nxf5 Rxg5 72. Kf4 Rg1 73. Ng3 h6 74. Ne2 Rf1+ 75. Kg4 Ke5 76. Ng3 Rd1 77. Ne2 Rf1 78. Ng3 Rf2 79. Nh5 Rc2 80. Kf3 Rc3+ 81. Kg4 Rc4+ 82. Kg3 Kf5 83. Ng7+ Kf6 84. Ne8+ Kg5 85. Nd6 Rc3+ 86. Kg2 Kg4 87. Kf2 Rc2+ 88. Ke3 h5 89. Kd3 h4 90. Kxc2 h3 91. Ne4 h2 92. Kd3 Kf3 93. Kd4 h1=Q 94. Ng5+ Kf4 95. Ne6+ Kf5 96. Nc5 Qh4+ 97. Kd5 Qf4 98. Kc6 Qc4 99. Kd6 Qd4+ 100. Kc6 Qd2 101. Nd7 Qc2+ 102. Kd6 Qd3+ 103. Kc7 Qc4+ 104. Kd6 Qe6+ 105. Kc7 Qd5 106. Nb6 Qc5+ 107. Kb7 Ke6 108. Nc8 Qb5+ 109. Kc7 Qd7+ 110. Kb8 Qc6 111. Na7 Qb6+ 112. Ka8 Kd7 113. Nc8 Qb3 114. Ka7 Kxc8 115. Ka6 Qb4 116. Ka7 Qb7#) 67. Nf3 $2 (67. f5+ $19 gxf5+ 68. Nxf5) 67... Ra1 {Black mates.} 68. Nh4 Ra4 69. Kf3 Kd5 70. Kg4 Ke4 71. Ng2 Ra2 72. Nh4 Rf2 {Precision: White = 27%, Black = 55%.} 0-1

[Event "EICC 2019"]
[Site "Skopia"]
[Date "2019.03.19"]
[Round "2.15"]
[White "Dragnev, Valentin"]
[Black "Alekseenko, Kirill"]
[Result "0-1"]
[WhiteElo "2511"]
[BlackElo "2644"]
[Annotator "TA"]
[PlyCount "86"]
[EventDate "2019.03.18"]
[EventType "swiss"]
[EventCountry "MKD"]
[SourceTitle "playchess.com"]
[Source "ChessBase"]
[SourceQuality "1"]

{[%evp 13,86,-5,0,0,12,6,17,-52,-50,-40,-21,-61,-59,-53,-52,-50,0,0,0,0,4,0,44,-50,-36,-78,-47,-45,-47,-103,-95,-114,-130,-191,-181,-158,-104,-128,-112,-93,-40,-75,-66,-120,-60,-60,-50,-60,-57,-112,-109,-110,-50,-160,-136,-191,-186,-180,-143,-300,-297,-268,-241,-586,-582,-636,-631,-522,-516,-689,-679,-665,-662,-631,-634]} 1. d4 Nf6 2. c4 e6 3. Nf3 d5 4. g3 Bb4+ 5. Bd2 Be7 6. Bg2 O-O 7. O-O Nbd7 {[%cal Bb8d7,Bd7b6,Bb6c4,Bc4d2][%mdl 32]} 8. Qb3 {E11: Bogo-Indian} Nb6 9. c5 Nc4 10. Na3 $146 (10. Bf4 $11) ({Predecessor:} 10. Rc1 b6 11. c6 Ne4 12. Be1 a5 13. Nbd2 Ncxd2 14. Nxd2 Nxd2 15. Bxd2 Ba6 {0-1 (53) Najer,E (2668)-Alekseenko,K (2621) Yaroslavl 2018}) 10... Nxd2 $15 11. Nxd2 c6 12. Qc3 b6 13. b4 a5 {Threatens to win with ...axb4.} 14. Nc2 Nd7 15. a3 Ba6 16. Rfe1 bxc5 17. bxc5 e5 18. e3 (18. e4 $14) 18... e4 19. Rab1 Qc7 20. Bf1 Bc8 21. Rb2 (21. f3 $15) 21... h5 $17 22. Nb3 h4 23. Nc1 (23. Reb1 $17 {might work better.}) 23... Nf6 24. Ne2 Nh7 (24... g6 $142 25. Qb3 Qd7) 25. Reb1 Bd8 26. Ne1 Ng5 ({Black should try} 26... hxg3 $17 27. fxg3 Ng5) 27. Qc2 Qe7 28. Nc3 (28. Nf4 $15) 28... Bh3 (28... Bg4 $17) 29. Bxh3 $15 Nxh3+ 30. Kg2 Ng5 31. Qe2 ({Better is} 31. gxh4 $15 Ne6 32. f3) 31... Qe6 $17 32. Rb7 a4 ({Don't do} 32... hxg3 33. fxg3 a4 34. Qh5 $11) (32... Qh3+ $17 33. Kh1 Bf6) 33. Na2 {[#]} (33. gxh4 $15 Qh3+ {[%mdl 64] Double Attack} 34. Kh1) 33... Qh3+ $1 ({Resist} 33... hxg3 34. fxg3 Ba5 35. Qh5 $15) 34. Kg1 (34. Kh1 $17) 34... Ba5 $19 {White must now prevent ...Bxe1.} 35. Nb4 Rfb8 36. Nbc2 $2 ({Don't go for} 36. Nxc6 $2 Rxb7 37. Rxb7 Bxe1 $19) (36. Rxb8+ $17 Rxb8 37. Qf1) 36... Rxb7 37. Rxb7 g6 $40 {[%mdl 128] Black goes for the king.} 38. Nb4 $2 {[#]} (38. f4 {is tougher.} exf3 39. Nxf3) 38... Kg7 {Black is clearly winning.} 39. Nbc2 Rh8 40. Nb4 Qf5 41. Qf1 Qg4 42. Ra7 Bxb4 43. axb4 Qd1 {Accuracy: White = 29%, Black = 72%.} 0-1